000 00557nam a2200217Ia 4500
005 20241129115738.0
008 241129s9999||||xx |||||||||||||| ||und||
020 _a9788190478045
037 _aTB
040 _aSDCL
_beng
_cSDCL
041 _ahin
_2hin
084 _aO152,2N:g(Y15) R1
_qSDCL
100 _aAsha
245 0 _aHindi ke mahila natakkar
260 _aDelhi
_bAdwait Prakashan India
_c2021
300 _a288p.
365 _aINR
_b595
650 _aHindi
942 _cTB
_hO152,2N:g(Y15) R1
999 _c1231827
_d1231827